=LDR 00000nam 2200000 4500 =001 INLIS000000000038092 =005 20130612143801 =008 ***********************************ind** =035 ##$$0010-061300000038092 =041 ##$$a ind =082 ##$$a 15.5 =090 ##$$a 15.5, Mar s1 =100 ##$$a Martin, Anthony dio =245 ##$$a 101,5, Inspirasi kecerdasan emosional anak muda =650 ##$$a Emosional =850 ##$$a NBPNMAT